Aspectos éticos de la atención de adolescentes y jóvenes /Gustavo Alfredo

Salvato in:
Dettagli Bibliografici
Autore principale: Girard, Gustavo Alfredo
Natura: testo
Soggetti:
Tags: Aggiungi Tag
Nessun Tag, puoi essere il primo ad aggiungerne!!

MARC

LEADER 00000 a a2200000 04500
001 223
003
040
100 |a Girard, Gustavo Alfredo  
245 |a Aspectos éticos de la atención de adolescentes y jóvenes /Gustavo Alfredo   |c Girard 
650 |a JUVENTUD  
650 |a ADOLESCENTES  
650 |a ETICA  
773 |g volumen 1, número 1; páginas 5-9  
999 |c 31711  |d 31711 
773 0 |0 42346  |9 3358  |d San José, Costa Rica: CCSS. DTSS. DMP. Programa Atención Integral de la Adolescencia, 1999-  |o 07056  |t Adolescencia y Salud/